000 00197 a2200097 4500
001 64473
090 _c38096
_d38096
100 _aQasmi,Ahmad Nadeem
245 _aNadeem Ki Ghazalain
260 _bSang-e-Meel
942 _aNUST-CAE
999 _c299546
_d299546